[Event "CHN-ch Gp-B"]
[Site "Liaocheng"]
[Date "2024.04.21"]
[Round "1"]
[White "Zhang, Haixin"]
[Black "Shen, Chenyi"]
[Result "1/2-1/2"]
[WhiteElo "1579"]
[BlackElo "1974"]
[PlyCount "60"]
[EventDate "2024.04.21"]
[EventType "swiss"]
[EventRounds "11"]
[EventCountry "CHN"]
[SourceTitle "CB18_2024"]
[SourceDate "2024.05.01"]
[SourceVersion "1"]
[SourceVersionDate "2024.05.01"]
[SourceQuality "2"]

1. d4 e6 2. c4 Nf6 3. Nc3 Bb4 4. Nf3 b6 5. g3 Bb7 6. Bg2 0-0 7. Bd2 d6 8. a3 Bxc3 9. Bxc3 Nbd7 10. 0-0 Be4 11. Nd2 Bxg2 12. Kxg2 d5 13. Qc2 Rc8 14. e4 c5 15. dxc5 Nxc5 16. exd5 exd5 17. Bxf6 Qxf6 18. cxd5 Qg5 19. Rad1 Qxd5+ 20. Nf3 Qb7 21. Qf5 Ne6 22. Rd5 g6 23. Qd3 Rfd8 24. Rd1 Rxd5 25. Qxd5 Qxd5 26. Rxd5 Rc2 27. Rd2 Rxd2 28. Nxd2 f5 29. f4 Kf7 30. Kf2 b5 1/2-1/2

[Event "CHN-chB"]
[Site "Harbin"]
[Date "2016.07.18"]
[Round "4"]
[White "Shen, Chenyi"]
[Black "Li, Bo"]
[Result "1/2-1/2"]
[WhiteElo "2130"]
[BlackElo "2413"]
[PlyCount "129"]
[EventDate "2016.07.17"]
[EventType "swiss"]
[EventRounds "11"]
[EventCountry "CHN"]
[SourceTitle "CBM 173 Extra"]
[Source "ChessBase"]
[SourceDate "2016.08.29"]
[SourceVersion "1"]
[SourceVersionDate "2016.08.29"]
[SourceQuality "1"]

1. e4 c5 2. Nf3 Nc6 3. Bb5 g6 4. 0-0 Bg7 5. c3 Nf6 6. Re1 0-0 7. d3 d6 8. Nbd2 Bd7 9. Ba4 Qb8 10. Qe2 Nd4 11. cxd4 Bxa4 12. b3 Bb5 13. Bb2 Nh5 14. Nc4 Rd8 15. a4 Be8 16. d5 Nf6 17. d4 b6 18. dxc5 bxc5 19. Nfd2 Qb7 20. Reb1 Rab8 21. Qf3 Qd7 22. h3 Qc8 23. Bc3 Nd7 24. Bxg7 Kxg7 25. Qc3+ f6 26. f4 Nb6 27. Ne3 Qa6 28. Rf1 Bf7 29. Rf3 Nd7 30. Re1 Qb6 31. Nec4 Qb4 32. Na5 Qxc3 33. Rxc3 Re8 34. Rd3 Nb6 35. Ndc4 f5 36. e5 Bxd5 37. exd6 exd6 38. Rxe8 Rxe8 39. Nxb6 axb6 40. Rxd5 bxa5 41. Rxd6 Re3 42. Rb6 Rc3 43. Rb5 c4 44. bxc4 Rxc4 45. Rxa5 Rxf4 46. Ra7+ Kh6 47. g3 Rf3 48. Kg2 Ra3 49. h4 Kh5 50. Kh3 h6 51. Ra5 Rf3 52. Rb5 Ra3 53. a5 Ra4 54. a6 g5 55. Rxf5 Kg6 56. Rf2 g4+ 57. Kg2 Rxa6 58. Rb2 h5 59. Rf2 Ra5 60. Rf8 Rf5 61. Rxf5 Kxf5 62. Kf2 Ke4 63. Ke2 Kd4 64. Kd2 Ke4 65. Ke2 1/2-1/2

[Event "CHN-chTB"]
[Site "Harbin"]
[Date "2016.07.12"]
[Round "3.3"]
[White "Peng, Shunkai"]
[Black "Shen, Chenyi"]
[Result "1/2-1/2"]
[WhiteElo "1941"]
[BlackElo "2130"]
[PlyCount "56"]
[EventDate "2016.07.11"]
[EventType "team-swiss"]
[EventRounds "11"]
[EventCountry "CHN"]
[SourceTitle "CBM 173 Extra"]
[Source "ChessBase"]
[SourceDate "2016.08.29"]
[SourceVersion "1"]
[SourceVersionDate "2016.08.29"]
[SourceQuality "1"]
[WhiteTeam "Jiaxing Xueer Wenhua"]
[BlackTeam "Hangzhou Chess Assoc"]
[WhiteTeamCountry "CHN"]
[BlackTeamCountry "CHN"]

1. e4 e6 2. Qe2 c5 3. Nf3 Nc6 4. g3 g6 5. Bg2 Bg7 6. 0-0 Nge7 7. d3 d6 8. c3 0-0 9. Rd1 e5 10. a3 b6 11. b4 Bb7 12. Bb2 Re8 13. Nbd2 cxb4 14. axb4 a6 15. Rac1 b5 16. Nb3 Qb6 17. Ba3 Red8 18. Qe1 a5 19. bxa5 Nxa5 20. Nxa5 Rxa5 21. Bb4 Ra4 22. Nd2 Nc6 23. Nf1 Bf8 24. Ne3 Nxb4 25. cxb4 Bh6 26. Rc2 Bxe3 27. fxe3 Raa8 28. Rf2 Rac8 1/2-1/2

[Event "CHN-chTB"]
[Site "Harbin"]
[Date "2016.07.11"]
[Round "2.3"]
[White "Shen, Chenyi"]
[Black "Chi, Yi"]
[Result "1-0"]
[WhiteElo "2130"]
[BlackElo "1825"]
[PlyCount "61"]
[EventDate "2016.07.11"]
[EventType "team-swiss"]
[EventRounds "11"]
[EventCountry "CHN"]
[SourceTitle "CBM 173 Extra"]
[Source "ChessBase"]
[SourceDate "2016.08.29"]
[SourceVersion "1"]
[SourceVersionDate "2016.08.29"]
[SourceQuality "1"]
[WhiteTeam "Hangzhou Chess Assoc"]
[BlackTeam "Zhejiang Board Games"]
[WhiteTeamCountry "CHN"]
[BlackTeamCountry "CHN"]

1. e4 e5 2. Nf3 Nc6 3. Bc4 Be7 4. 0-0 Nf6 5. d3 d6 6. c3 0-0 7. Re1 h6 8. Nbd2 Na5 9. Bb5 Be6 10. b4 Nc6 11. Bxc6 bxc6 12. Nb3 Nh7 13. Na5 Qe8 14. d4 exd4 15. cxd4 Bf6 16. Bf4 Rc8 17. Rc1 Bd7 18. Qd2 g5 19. Bg3 g4 20. e5 dxe5 21. Nxe5 Be6 22. Naxc6 h5 23. d5 Bg5 24. Bf4 Bxf4 25. Qxf4 Bxd5 26. Nxg4 Qd7 27. Ne7+ Kh8 28. Nf6 Nxf6 29. Qxf6+ Kh7 30. Re5 Qg4 31. Rg5 1-0

[Event "CHN Team"]
[Site "Zhongshan"]
[Date "2015.07.12"]
[Round "3"]
[White "Zhang, Qiyu"]
[Black "Shen, Chenyi"]
[Result "0-1"]
[WhiteElo "1525"]
[BlackElo "2104"]
[PlyCount "103"]
[EventDate "2015.07.11"]
[EventType "team-swiss"]
[EventRounds "11"]
[EventCountry "CHN"]
[SourceTitle "CBM 167 Extra"]
[Source "ChessBase"]
[SourceDate "2015.09.14"]
[SourceVersion "1"]
[SourceVersionDate "2015.09.14"]
[SourceQuality "1"]
[WhiteTeam "Wuxi City Experimental School"]
[BlackTeam "Sichuan Chao Yue"]
[WhiteTeamCountry "CHN"]
[BlackTeamCountry "CHN"]

1. e4 e6 2. d4 d5 3. Nd2 c5 4. exd5 Qxd5 5. Ngf3 cxd4 6. Bc4 Qd6 7. Nb3 Qb4+ 8. Nfd2 Nc6 9. a3 Qb6 10. Nf3 Nf6 11. 0-0 Qc7 12. Nbxd4 Bd7 13. Nb5 Qb8 14. Re1 a6 15. Nbd4 Qc7 16. g3 Nxd4 17. Qxd4 Bc5 18. Qd3 Rd8 19. Qe2 Ng4 20. Rf1 Bc6 21. Bxe6 Bxf3 22. Qxf3 Ne5 23. Bxf7+ Nxf7 24. Re1+ Kf8 25. Bg5 Rd7 26. Rad1 Rxd1 27. Rxd1 Be7 28. Bxe7+ Qxe7 29. Qf5 g6 30. Qc8+ Kg7 31. Qc3+ Qf6 32. Qb4 b6 33. Rd7 Rd8 34. Rxd8 Nxd8 35. Qc4 Qxb2 36. Qxa6 Nf7 37. c4 Qb1+ 38. Kg2 Qe4+ 39. Kg1 Qd4 40. a4 Qc5 41. Kg2 Qc6+ 42. Kg1 Qc7 43. Qb5 Ne5 44. Qb2 Kg8 45. Qc3 Nxc4 46. Qb3 Qf7 47. h3 Qd5 48. Kh2 Qd4 49. Kg1 Kg7 50. Qb1 Ne5 51. Kg2 Qd5+ 52. Kg1 0-1

[Event "Zhongshan zt 3.5"]
[Site "Zhongshan"]
[Date "2014.10.30"]
[Round "5"]
[White "Shen, Chenyi"]
[Black "Xu, Xiangyu"]
[Result "0-1"]
[WhiteElo "2066"]
[BlackElo "2152"]
[PlyCount "136"]
[EventDate "2014.10.26"]
[EventType "swiss"]
[EventRounds "11"]
[EventCountry "CHN"]
[SourceTitle "EXT 2015"]
[Source "ChessBase"]
[SourceDate "2014.11.20"]
[SourceVersion "1"]
[SourceVersionDate "2014.11.20"]
[SourceQuality "1"]

1. e4 e5 2. Nf3 Nc6 3. Bc4 Nf6 4. d3 Be7 5. 0-0 d6 6. c3 Bg4 7. Nbd2 Qd7 8. Re1 0-0 9. b4 Rfe8 10. h3 Bh5 11. Nf1 Rad8 12. Ng3 Bg6 13. Qb3 a6 14. a4 d5 15. exd5 Nxd5 16. Nxe5 Nxe5 17. Rxe5 c6 18. d4 Bd6 19. Rxe8+ Rxe8 20. Bd2 Bxg3 21. fxg3 b5 22. axb5 axb5 23. Bf1 Qd6 24. Re1 Rxe1 25. Bxe1 h5 26. Qb2 Ne3 27. Be2 Qe6 28. Bf2 Nc4 29. Qa2 Qd5 30. Bf3 Be4 31. Qe2 Nd6 32. Be3 Bxf3 33. gxf3 Qe6 34. Qe1 Nc4 35. Bf2 Qxh3 36. Qe8+ Kh7 37. Be1 Qe6 38. Qxe6 fxe6 39. Kf2 Kg6 40. g4 Kg5 41. gxh5 Kxh5 42. Ke2 Kg5 43. Bg3 Kf5 44. Bc7 g6 45. Kd3 Kf6 46. Bd8+ Kg7 47. Bc7 Kf7 48. Ke2 Kf6 49. Kd3 Kf5 50. Ke2 Kg5 51. Kd3 Kh4 52. Ke4 Kh3 53. Bf4 Kg2 54. Bg5 Kf2 55. f4 Ke2 56. Be7 Kd2 57. Bf6 Kc2 58. Bg7 Nb6 59. Ke5 Kxc3 60. Kd6 Nd5 61. Kxc6 Kxb4 62. Kd6 Kc4 63. Kxe6 b4 64. Bf8 b3 65. Ba3 Kxd4 66. f5 g5 67. Be7 Nxe7 68. f6 Ng6 0-1